|
|
|
|
| LEADER |
01407nam a22003374a 4500 |
| 001 |
35721 |
| 003 |
BD-DhAAL |
| 005 |
20211129153305.0 |
| 008 |
190919t2004 ii a b 001 0 eng |
| 999 |
|
|
|c 41331
|d 41331
|
| 010 |
|
|
|a 2003019738
|
| 020 |
|
|
|a 0761998292 (pbk.)
|
| 020 |
|
|
|a 9780761998297
|
| 040 |
|
|
|a DLC
|c DLC
|d DLC
|d BD-DhAAL
|
| 042 |
|
|
|a pcc
|
| 043 |
|
|
|a a-ii---
|
| 050 |
0 |
0 |
|a LC149
|b .N32 2004
|
| 082 |
0 |
0 |
|a 302.2244
|2 22
|
| 100 |
1 |
|
|a Narasimhan, Rangaswamy.
|9 34962
|
| 245 |
1 |
0 |
|a Characterizing literacy :
|b a study of Western and Indian literacy experiences /
|c R. Narasimhan.
|
| 260 |
|
|
|a New Delhi ;
|a Thousand Oaks, Calif. :
|b Sage Publications,
|c 2004.
|
| 300 |
|
|
|a 197 pages :
|b illustrations ;
|c 21 cm.
|
| 504 |
|
|
|a Includes bibliographical references (p. [189]-193) and index.
|
| 505 |
0 |
|
|a Characterizing literacy -- The oral dimension in Indian tradition -- Literacy and schooling -- Open problems : Indian perspective.
|
| 526 |
|
|
|a BIED
|
| 541 |
|
|
|a Complimentary copy from BIED
|e 35721
|
| 650 |
|
0 |
|a Literacy
|v Cross-cultural studies.
|9 34963
|
| 650 |
|
0 |
|a Literacy
|z India.
|9 34964
|
| 852 |
|
|
|a Ayesha Abed Library
|c BIED Collection
|
| 942 |
|
|
|2 ddc
|c BK
|
| 952 |
|
|
|0 0
|1 0
|2 ddc
|4 0
|6 302_224400000000000_NAR
|7 0
|9 66428
|a BRACUL
|b BRACUL
|c GEN
|d 2019-09-19
|e Complimentary copy from BIED
|l 0
|o 302.2244 NAR
|p 3010035721
|r 2019-09-19
|t 1
|w 2019-09-19
|y BK
|x Transferred from BIED to General Stacks
|